La contadora de películas / (Registro nro. 10468)

Detalles MARC
000 -LIDER
fixed length control field 00855nam a22002657a 4500
001 - NÚMERO DE CONTROL
Identificador de número de control 0002106
003 - IDENTIFICACDOR DE NÚMERO DE CONTROL
control field DO-SdBNP
005 - DATE AND TIME OF LATEST TRANSACTION
control field 20240527120410.0
007 - CAMPOS FIJOS DE DESCRIPCIÓN FÍSICA
fixed length control field 0002106
008 - ELEMENTOS DE LONGITUD FIJA
fixed length control field 160621b 2011 mx || 00| 0 spa d
020 ## - ISBN
International Standard Book Number 9786071107343
040 ## - FUENTE DE CATALOGACIÓN
Agencia que crea de manera original el registro BPMSU
Idioma de catalogación spa
Agencia que realiza la transcripción BPMSU
082 #4 - NÚMERO DE CLASIFICACIÓN DECIMAL DE DEWEY
Classification number Ch863.6
Item number R621c 2011
Edition number 22
100 1# - ASIENTO PRINCIPAL -- NOMBRE PERSONAL
Nombre personal Rivera Letelier, Hernán,
Fechas asociadas con el nombre 1950-
245 13 - MENCIÓN DE TITULO
Título La contadora de películas /
Mención de responsabilidad Hernán Rivera Letelier.
260 ## - PUBLICACIÓN, DISTRIBUCIÓN, ETC. (PIE DE IMPRENTA)
Lugar de publicación, distribución, etc México, D. F. :
Nombre del editor, distribuidor, etc. Alfaguara,
Fecha de publicación, distribución, etc 2011
Fecha de impresión
300 ## - DESCRIPCIÓN FÍSICA
Extensión 118 p. ;
Dimensiones 24 cm.
500 ## - NOTA GENERAL
Nota general Originalmente publicado: Santiago de Chile: Alfaguara, 2009.
500 ## - NOTA GENERAL
Nota general Incluye datos biográficos del autor en la solapa de la cubierta.
590 ## - NOTA LOCAL
Texto de la nota local Inventariado, 2024/VM
650 #4 - ENCABEZAMIENTO DE MATERIA--TEMÁTICO
Término temático o nombre geográfico como elemento de entrada Novela chilena
650 #4 - ENCABEZAMIENTO DE MATERIA--TEMÁTICO
Término temático o nombre geográfico como elemento de entrada Literatura Chilena
910 ## - VALIDACIÓN
Validación LPEREZ/ VMateo V. Control de calidad. BPMSU
942 ## - ADDED ENTRY ELEMENTS (KOHA)
Source of classification or shelving scheme Dewey Decimal Classification
Koha item type Libros
Existencias
Withdrawn status Lost status Source of classification or shelving scheme Damaged status Not for loan Collection code Home library Current library Date acquired Source of acquisition Total Checkouts Full call number Barcode Date last seen Price effective from Koha item type Copy number
    Dewey Decimal Classification     Colección General Biblioteca Pública Metropolitana Salomé Ureña Biblioteca Pública Metropolitana Salomé Ureña 06/21/2016 Donación   BPMSU CG Ch863.6 R621c 2011 BPMSU16060284 06/21/2016 06/21/2016 Libros  
    Dewey Decimal Classification     Colección General Biblioteca Pública Metropolitana Salomé Ureña Biblioteca Pública Metropolitana Salomé Ureña 06/21/2016 Donación   BPMSU CG Ch863.6 R621c 2011 BPMSU16060285 06/21/2016 06/21/2016 Libros e.3
    Dewey Decimal Classification     Colección General Biblioteca Pública Metropolitana Salomé Ureña Biblioteca Pública Metropolitana Salomé Ureña 06/21/2016 Donación   BPMSU CG Ch863.6 R621c 2011 BPMSU16060286 06/21/2016 06/21/2016 Libros e.2